Statistiques concernant Cours d'italien 5 - Expressions essentielles

Cliquez ici pour prendre le quiz!

Statistiques générales

  • Ce quiz a été pris 68 fois
  • Le résultat moyen est 9 sur 23

Statistiques - réponses

FranceseItaliano% Correct
NonNo
98%
OuiSi
98%
MerciGrazie
95%
BonjourBuongiorno
82%
Merci beaucoup !Grazie mille
82%
Au revoirArrivederci
70%
BonsoirBuonasera
68%
S'il vous plaîtPer favore !
66%
Je vous en priePrego
64%
J'ai comprisHo capito
27%
Bonne année !Buon anno !
23%
Je ne sais pasNon so
18%
A plus tardA dopo
16%
Bon anniversaire !Buon compleanno !
16%
InterditVietato
16%
Je ne comprends pasNon ho capito
11%
Quel est le prix s'il vous plaît ?Quanto costa, per favore ?
9%
Où sont les toilettes s'il vous plaît ?Dov'è il bagno per favore ?
7%
D'accordVa bene
7%
Merci pour votre aideGrazie per il suo aiuto
5%
Pardon !Mi scusi !
5%
Félicitations !Congratulazioni !
2%
Joyeuses fêtes !Buon feste !
0%

Distribution des résultats

Percentile par nombre de réponses

% des personnes avec chaque résultat

Votre développement - résultats

Vous n’avez pas pris ce quiz